| 000 | 004360000a22001810004500 | ||
|---|---|---|---|
| 003 | MACL | ||
| 005 | 20151222135635.0 | ||
| 008 | 151222b xxu||||| |||| 00| 0 eng d | ||
| 040 |
_aMACL _cMACL |
||
| 041 | _aEnglish | ||
| 082 | _a910.54/BOS | ||
| 100 |
_aBose, Biraj _921969 |
||
| 245 |
_aGolden India _bIndia |
||
| 260 |
_bLustre Press _c1996 |
||
| 350 | _a325 | ||
| 650 |
_aGeography & Travel _921970 |
||
| 942 |
_cBK _k910.54/BOS _2ddc |
||
| 999 |
_c40207 _d40207 |
||